书目信息 |
| 题名: |
室内移动式服务机器人的感知、定位与控制
|
|
| 作者: | 徐德 , 邹伟 著 | |
| 分册: | ||
| 出版信息: | 北京 科学出版社 2008.06 |
|
| 页数: | 380页 | |
| 开本: | 26cm | |
| 丛书名: | ||
| 单 册: | ||
| 中图分类: | TP242.3 | |
| 科图分类: | ||
| 主题词: | 服务用机器人 | |
| 电子资源: | ||
| ISBN: | 978-7-03-022144-5 | |
| 000 | 00662nam0 2200205 450 | |
| 001 | 0855407556 | |
| 005 | 20081212095446.90 | |
| 010 | @a978-7-03-022144-5@dCNY75.00 | |
| 100 | @a20081211d2008 km y0chiy0120 ea | |
| 101 | 0 | @achi |
| 102 | @aCN@b110000 | |
| 200 | 1 | @a室内移动式服务机器人的感知、定位与控制@Ashi nei yi dong shi fu wu ji qi ren de gan zhi、ding wei yu kong zhi@f徐德,邹伟著@Fxu de,zou wei zhu |
| 210 | @a北京@c科学出版社@d2008.06 | |
| 215 | @a380页@d26cm | |
| 606 | 0 | @a服务用机器人 |
| 690 | @aTP242.3@v4 | |
| 701 | 0 | @a徐德@Axu de@4著 |
| 701 | 0 | @a邹伟@Azou wei@4著 |
| 801 | 0 | @aCN@b山东省滨州职业学院图书馆@c20081212 |
| 905 | @aBZT@dTP242.3@e1@f5 | |
| 室内移动式服务机器人的感知、定位与控制/徐德,邹伟著.-北京:科学出版社,2008.06 |
| 380页;26cm |
| ISBN 978-7-03-022144-5:CNY75.00 |
| ● |
| 相关链接 |
|
|
|
正题名:室内移动式服务机器人的感知、定位与控制
索取号:TP242.3/1
 
预约/预借
| 序号 | 登录号 | 条形码 | 馆藏地/架位号 | 状态 | 备注 |
| 1 | 0689892 | 2000689892 | 样本书库/样003架A面1层2列/ [索取号:TP242.3/1] | 在馆 | |
| 2 | 0689893 | 2000689893 | 中心书库中库/ 中库028架B面4列2层41/ [索取号:TP242.3/1] | 在馆 | |
| 3 | 0689894 | 2000689894 | 中心书库中库/ 中库028架B面4列2层39/ [索取号:TP242.3/1] | 在馆 | |
| 4 | 0689895 | 2000689895 | 中心书库中库/ 中库028架B面4列2层38/ [索取号:TP242.3/1] | 在馆 | |
| 5 | 0689896 | 2000689896 | 中心书库中库/ 中库028架B面4列2层40/ [索取号:TP242.3/1] | 在馆 |